| 000 | 00807nam a2200217Ia 4500 | ||
|---|---|---|---|
| 003 | GCL | ||
| 008 | 140319s9999 xx 000 0 ara d | ||
| 020 | _a2009419977 | ||
| 040 |
_aGCL / _cGCL |
||
| 082 | 0 | 4 |
_a189.17 _bص خ |
| 100 | 1 | _aالصاوى الصاوى احمد | |
| 245 | 1 | 0 |
_aالخطاب السياسى عند ابن رشد / _cالصاوى الصاوى احمد |
| 260 |
_aالقاهرة : _bالهيئة المصرية العامة للكتاب ، _c2005 |
||
| 300 |
_a176 ص ؛ _c16 سم |
||
| 650 | 0 | 4 | _aالفلسفة الاسلامية |
| 650 | 0 | 4 | _aالحركات الفكرية عند المسلمين |
| 650 | 0 | 4 | _aالاسلام والسياسة |
| 650 | 0 | 4 | _aابن رشد، ابوالوليد محمد بن احمد |
| 650 | 0 | 4 | _aالخطاب السياسى |
| 942 |
_2ddc _cBK |
||
| 999 |
_c8757 _d8757 |
||